Historia y vida según San Agustín
Salvato in:
| Autore principale: | |
|---|---|
| Natura: | Libro |
| Lingua: | spagnolo |
| Pubblicazione: |
Buenos Aires
Universidad de Cuyo
1949
|
| Soggetti: | |
| Tags: |
Aggiungi Tag
Nessun Tag, puoi essere il primo ad aggiungerne!!
|
MARC
| LEADER | 00000nam a2200000 a 4500 | ||
|---|---|---|---|
| 001 | UCZ3450 | ||
| 003 | CL-VaPUC | ||
| 005 | 20241219124541.0 | ||
| 008 | 951020e19490000ag 1 spa d | ||
| 082 | 0 | 4 | |a 189.2 |b MAR |2 21 |
| 100 | 1 | |a Martínez, Agustín |e author |9 617387 | |
| 245 | 1 | 0 | |a Historia y vida según San Agustín |
| 260 | |a Buenos Aires |b Universidad de Cuyo |c 1949 | ||
| 300 | |a 16 p | ||
| 500 | |a Incluye índice general de Actas del Congreso | ||
| 583 | |a last modification |c 19951020 00:00:00 |k Rodrigo Vera | ||
| 600 | 0 | |a San Agustín de Hipona |x Teólogo y filósofo cristiano |9 311590 | |
| 650 | 0 | 0 | |a Teología |9 258766 |
| 650 | 0 | 0 | |a Teodicea |9 315235 |
| 650 | 0 | 0 | |a Filosofía medieval |9 256245 |
| 650 | 0 | 0 | |a Filosofía cristiana |9 265980 |
| 650 | 0 | 0 | |a Creencia Religiosa |9 316904 |
| 942 | |c BK | ||
| 945 | |a lriquelm |d 19951020 00:00:00 | ||
| 546 | |a En Español | ||
| 518 | |p Congreso Nacional de Filosofía, 1, Mendoza, 30 de Marzo al 9 de Abril de 1949 | ||
| 999 | |c 382444 |d 382442 | ||
| 952 | |0 0 |1 0 |4 0 |6 189_200000000000000_MAR_1949 |7 0 |8 P |9 504151 |a BIBEDU |b BIBEDU |c BIBEDU_PB |d 2020-01-23 |i 1589180 |l 1 |o 189.2 MAR 1949 |p 1589180 |r 2024-01-25 |s 2022-03-31 |w 2020-01-23 |y BK |k FIL | ||